Проблемы энергетического развития российской экономики; Экономика России в XXI веке

Detaylı Bibliyografya
Parent link:Экономика России в XXI веке.— 2005.— С. 78-82.
Yazar: Борисова Л. М. Людмила Михайловна
Dil:Rusça
Baskı/Yayın Bilgisi: 2005
Konular:
Materyal Türü: Kitap Bölümü
KOHA link:https://koha.lib.tpu.ru/cgi-bin/koha/opac-detail.pl?biblionumber=98090

MARC

LEADER 00000naa2a2200000 4500
001 98090
005 20240123104758.0
035 |a (RuTPU)RU\TPU\book\105133 
090 |a 98090 
100 |a 20060613d2005 k y0rusy50 ca 
101 0 |a rus 
102 |a RU 
200 1 |a Проблемы энергетического развития российской экономики  |f Л. М. Борисова 
463 0 |0 (RuTPU)RU\TPU\book\67901  |t Экономика России в XXI веке  |o сборник научных трудов II Всероссийской научно-практической конференции студентов, аспирантов и молодых ученых "Теоретические проблемы экономической безопасности России в XXI веке"  |f Томский политехнический университет, Инженерно-экономический факультет; под ред. Г. А. Барышевой  |v С. 78-82.  |d 2005  |p 220 с. 
610 1 |a экономика 
610 1 |a Россия 
610 1 |a энергетика 
610 1 |a электроэнергия 
610 1 |a энергоресурсы 
610 1 |a развитие энергетики 
610 1 |a труды учёных ТПУ 
700 1 |a Борисова  |b Л. М.  |c экономист  |c доцент Томского политехнического университета, кандидат экономических наук  |f 1976-  |g Людмила Михайловна  |3 (RuTPU)RU\TPU\pers\25991  |9 11840 
801 1 |a RU  |b 63413507  |c 20060613  |g PSBO 
801 2 |a RU  |b 63413507  |c 20130205  |g RCR 
942 |c BK